Library Banner

Ijtama e aam April 1987 taqareer(اجتماع عام اپریل 1987 تقاریر)/ (Record no. 109546)

MARC details
000 -LEADER
fixed length control field 00375nam a22001217a 4500
005 - DATE AND TIME OF LATEST TRANSACTION
control field 20230523094001.0
008 - FIXED-LENGTH DATA ELEMENTS--GENERAL INFORMATION
fixed length control field 181213b ||||| |||| 00| 0 eng d
040 ## - CATALOGING SOURCE
Transcribing agency PK-LaUMT
082 ## - DEWEY DECIMAL CLASSIFICATION NUMBER
Classification number RHC 297.74
Item number IJT-
245 ## - TITLE STATEMENT
Title Ijtama e aam April 1987 taqareer(اجتماع عام اپریل 1987 تقاریر)/
260 ## - PUBLICATION, DISTRIBUTION, ETC. (IMPRINT)
Place of publication, distribution, etc لاہور:
Name of publisher, distributor, etc جماعت اسلامی
Date of publication, distribution, etc 1988
942 ## - ADDED ENTRY ELEMENTS (KOHA)
Koha item type Books
Holdings
Withdrawn status Lost status Damaged status Home library Current library Date acquired Full call number Barcode Date last seen Price effective from Koha item type
      UMT Main Campus UMT Main Campus 2018-12-13 RHC 297.74 IJT- 127075 2018-12-13 2018-12-13 Books